[Event "Excelsior June op"]
[Site "Toronto CAN"]
[Date "2023.06.25"]
[Round "5.11"]
[White "Zhong, Ryan Yunhui"]
[Black "Ferreira, Alex"]
[Result "1/2-1/2"]
[WhiteElo "2006"]
[BlackElo "1988"]
[PlyCount "132"]
[EventDate "2023.06.23"]
[EventType "swiss"]
[EventRounds "5"]
[EventCountry "CAN"]

1. e4 e5 2. Nf3 Nc6 3. d4 exd4 4. Nxd4 Nf6 5. Nc3 Bb4 6. Nxc6 bxc6 7. Bd3 d5 8.
exd5 cxd5 9. O-O O-O 10. Bg5 c6 11. Qf3 Be7 12. h3 Rb8 13. b3 Be6 14. Ne2 Nd7
15. Bf4 Rb6 16. Rae1 Re8 17. Qg3 Bh4 18. Qh2 Nc5 19. Bc7 Qd7 20. Bxb6 Nxd3 21.
cxd3 axb6 22. Nd4 Be7 23. Qf4 c5 24. Nxe6 fxe6 25. Qg4 Bf6 26. Rc1 Bd4 27. b4
Ra8 28. bxc5 bxc5 29. Rb1 Qf7 30. Qe2 e5 31. Kh1 Rd8 32. f3 h5 33. a4 Ra8 34.
Qc2 Qf4 35. Qa2 Qf7 36. a5 c4 37. dxc4 dxc4 38. a6 c3 39. Qa4 Kh7 40. f4 Qg6
41. Ra1 Qd3 42. Qc6 Ra7 43. f5 Qg3 44. f6 Qg6 45. Qb7 Qf7 46. Qe4+ Kh6 47. Rab1
gxf6 48. Rb7 Qg6 49. Qxg6+ Kxg6 50. Rxa7 Bxa7 51. Rc1 e4 52. Rxc3 e3 53. g3 Kf5
54. Kg2 e2 55. Rc1 Ke4 56. Re1 Ke3 57. Rb1 Bc5 58. g4 hxg4 59. hxg4 Kd2 60. Kf3
e1=Q 61. Rxe1 Kxe1 62. Ke4 Kf2 63. Kd5 Be3 64. Ke6 Kf3 65. Kxf6 Kxg4 66. a7
Bxa7 1/2-1/2

[Event "Excelsior March 50+"]
[Site "Toronto CAN"]
[Date "2023.03.03"]
[Round "1.1"]
[White "Barron, Michael"]
[Black "Oancea, Nicolae"]
[Result "1-0"]
[WhiteElo "2083"]
[BlackElo "1939"]
[PlyCount "49"]
[EventDate "2023.03.03"]
[EventType "swiss"]
[EventRounds "5"]
[EventCountry "CAN"]

1. e4 e5 2. Nf3 Nc6 3. Bb5 d6 4. c4 Bd7 5. d4 exd4 6. Nxd4 Nxd4 7. Bxd7+ Qxd7
8. Qxd4 Nf6 9. Nc3 Be7 10. b3 Qg4 11. O-O c6 12. f3 Qg6 13. Bb2 O-O 14. Rad1
Nd7 15. Ne2 Rfd8 16. Nf4 Qh6 17. Nh5 Bf8 18. Ng3 d5 19. Nf5 Qg6 20. cxd5 Bc5
21. Qxc5 Nxc5 22. Ne7+ Kf8 23. Nxg6+ hxg6 24. dxc6 bxc6 25. Ba3 1-0

[Event "Excelsior March 50+"]
[Site "Toronto CAN"]
[Date "2023.03.03"]
[Round "1.2"]
[White "Nazareno, Merlin"]
[Black "Jung, Hans"]
[Result "0-1"]
[WhiteElo "1877"]
[BlackElo "2195"]
[PlyCount "72"]
[EventDate "2023.03.03"]
[EventType "swiss"]
[EventRounds "5"]
[EventCountry "CAN"]

1. d4 d5 2. e3 Bf5 3. c4 c6 4. Nc3 Nf6 5. Nf3 h6 6. Ne5 Nbd7 7. cxd5 cxd5 8.
Qb3 Qb6 9. Bb5 e6 10. O-O Bd6 11. Qa4 Rd8 12. f3 Ke7 13. f4 a6 14. Bxd7 Nxd7
15. g4 Bh7 16. Nxd7 Rxd7 17. f5 Qb4 18. fxe6 Qxa4 19. Nxa4 Kxe6 20. Nc5+ Bxc5
21. dxc5 f5 22. gxf5+ Bxf5 23. b4 Rf8 24. Bb2 Rdf7 25. a4 Bd3 26. Rxf7 Rxf7 27.
Bd4 Rf5 28. Kg2 Be4+ 29. Kg1 Rg5+ 30. Kf2 Rg2+ 31. Ke1 Rxh2 32. Bxg7 h5 33. Kf1
h4 34. Kg1 Rg2+ 35. Kf1 h3 36. Rd1 h2 0-1

[Event "Excelsior March 50+"]
[Site "Toronto CAN"]
[Date "2023.03.03"]
[Round "1.3"]
[White "Bluvshtein, Ilia"]
[Black "Ganea, Mihai"]
[Result "1/2-1/2"]
[WhiteElo "2199"]
[BlackElo "1938"]
[PlyCount "100"]
[EventDate "2023.03.03"]
[EventType "swiss"]
[EventRounds "5"]
[EventCountry "CAN"]

1. e4 e6 2. d4 d5 3. Nc3 Bb4 4. e5 Qd7 5. Qg4 f5 6. Qg3 b6 7. Nf3 Bb7 8. Bd3
Nc6 9. a3 Bxc3+ 10. bxc3 O-O-O 11. O-O Nh6 12. a4 Na5 13. Bb5 Qf7 14. Ng5 Qg6
15. Nh3 Qxg3 16. hxg3 Nf7 17. Nf4 a6 18. Be2 Rde8 19. g4 g5 20. Nh5 f4 21. Nf6
Rd8 22. Ba3 Kb8 23. Be7 Rc8 24. f3 Nc6 25. Ba3 Ka7 26. g3 fxg3 27. Kg2 a5 28.
Rh1 Ba6 29. Bxa6 Kxa6 30. Kxg3 h6 31. Rh2 Ncd8 32. Rb1 Nb7 33. Rhh1 c5 34. Rb2
Rc6 35. Rhb1 cxd4 36. cxd4 Rhc8 37. Nd7 R8c7 38. Rxb6+ Rxb6 39. Nxb6 Rxc2 40.
Nxd5 exd5 41. e6 Nfd6 42. Re1 Rc3 43. Bxd6 Nxd6 44. e7 Ne8 45. Re6+ Kb7 46.
Rxh6 Rc7 47. Re6 Rc4 48. Re5 Kc6 49. Rxg5 Rxd4 50. Re5 Kd6 1/2-1/2

[Event "Excelsior March 50+"]
[Site "Toronto CAN"]
[Date "2023.03.03"]
[Round "1.4"]
[White "Ugodnikov, Arkadiy"]
[Black "Berengolts, Isai"]
[Result "0-1"]
[WhiteElo "1607"]
[BlackElo "2079"]
[PlyCount "56"]
[EventDate "2023.03.03"]
[EventType "swiss"]
[EventRounds "5"]
[EventCountry "CAN"]

1. e4 c5 2. Nf3 g6 3. c3 Bg7 4. d4 cxd4 5. cxd4 d5 6. e5 Bg4 7. Nc3 Nc6 8. Be3
Nh6 9. Bb5 O-O 10. h3 Bxf3 11. Qxf3 Nf5 12. Bxc6 bxc6 13. O-O e6 14. g4 Nxe3
15. fxe3 Rb8 16. b3 f6 17. exf6 Rxf6 18. Qg3 Rb7 19. Na4 Rbf7 20. Nc5 Qf8 21.
Rxf6 Rxf6 22. Qg2 Qe7 23. Rf1 e5 24. Qd2 Rxf1+ 25. Kxf1 exd4 26. exd4 Qf6+ 27.
Qf2 Qxf2+ 28. Kxf2 Bxd4+ 0-1

[Event "Excelsior March 50+"]
[Site "Toronto CAN"]
[Date "2023.03.03"]
[Round "1.5"]
[White "Pitre, Ron"]
[Black "Momic, Jovan"]
[Result "1-0"]
[WhiteElo "2158"]
[BlackElo "1628"]
[PlyCount "63"]
[EventDate "2023.03.03"]
[EventType "swiss"]
[EventRounds "5"]
[EventCountry "CAN"]

1. e4 d6 2. d4 Nf6 3. f3 g6 4. Be3 Bg7 5. c4 O-O 6. Nc3 c6 7. Qd2 e5 8. O-O-O
Qa5 9. Kb1 Be6 10. g4 Qb4 11. d5 cxd5 12. Nxd5 Nxd5 13. cxd5 Qxd2 14. Bxd2 Bc8
15. Rc1 a5 16. Rc3 f5 17. gxf5 gxf5 18. Bh3 Na6 19. Ra3 Nc5 20. b4 Nxe4 21.
fxe4 fxe4 22. bxa5 b5 23. Rb3 Ba6 24. Be6+ Kh8 25. Nh3 Rf3 26. Ng5 Rf2 27. Be3
Re2 28. Nf7+ Kg8 29. Nxd6+ Kf8 30. Rf1+ Ke7 31. Rf7+ Kxd6 32. Rd7# 1-0

[Event "Excelsior March 50+"]
[Site "Toronto CAN"]
[Date "2023.03.03"]
[Round "1.6"]
[White "Brajkovic, Nikola"]
[Black "Upper, John"]
[Result "0-1"]
[WhiteElo "1760"]
[BlackElo "1777"]
[PlyCount "69"]
[EventDate "2023.03.03"]
[EventType "swiss"]
[EventRounds "5"]
[EventCountry "CAN"]

1. e4 c5 2. Nf3 Nc6 3. Bc4 e6 4. Nc3 Nf6 5. d3 d5 6. exd5 exd5 7. Bb5 Bd6 8.
Qe2+ Be6 9. Bg5 O-O 10. O-O Nd4 11. Nxd4 cxd4 12. Bxf6 Qxf6 13. Nd1 Qh6 14. g3
a6 15. Ba4 b5 16. Bb3 Rae8 17. f3 Bh3 18. Qf2 Bxf1 19. Qxf1 Qd2 20. Nf2 Re2 21.
Rd1 Qe3 22. Kg2 h5 23. Bxd5 Re8 24. Be4 g6 25. c3 f5 26. Bc6 Re7 27. c4 h4 28.
f4 hxg3 29. hxg3 Rh7 30. Bf3 Rh2+ 31. Kxh2 Rxf2+ 32. Qxf2 Qxf2+ 33. Bg2 bxc4
34. Kh3 Qe2 35. Rc1 0-1

[Event "Excelsior March 50+"]
[Site "Toronto CAN"]
[Date "2023.03.04"]
[Round "2.1"]
[White "Berengolts, Isai"]
[Black "Barron, Michael"]
[Result "0-1"]
[WhiteElo "2079"]
[BlackElo "2083"]
[PlyCount "100"]
[EventDate "2023.03.03"]
[EventType "swiss"]
[EventRounds "5"]
[EventCountry "CAN"]

1. e4 e5 2. Nf3 Nc6 3. Bc4 Bc5 4. c3 Nf6 5. d4 exd4 6. cxd4 Bb4+ 7. Bd2 Bxd2+
8. Nbxd2 d5 9. exd5 Nxd5 10. Qb3 Nce7 11. O-O O-O 12. Rfe1 c6 13. Ne5 f6 14.
Nd3 Kh8 15. Nc5 Nb6 16. Nf3 Nxc4 17. Qxc4 Qd5 18. b3 Qxc4 19. bxc4 Ng6 20. Rab1
b6 21. Ne6 Bxe6 22. Rxe6 Rac8 23. g3 Rfd8 24. h4 Kg8 25. h5 Nf8 26. Re7 Rd7 27.
Rbe1 Rcc7 28. Re8 Kf7 29. Kf1 c5 30. d5 b5 31. cxb5 Rxd5 32. R8e4 c4 33. Rc1 c3
34. a4 Rxh5 35. Rc2 Rhc5 36. Rb4 Rc4 37. Rxc4 Rxc4 38. a5 Nd7 39. Ng1 Rc5 40.
a6 Nb6 41. Ne2 Nd5 42. Ke1 Rxb5 43. Nxc3 Rc5 44. Rd2 Nxc3 45. Rd7+ Kg6 46. Rxa7
Ra5 47. Rc7 Nd5 48. Rd7 Nb6 49. Rd6 Rxa6 50. Ke2 Ra2+ 0-1

[Event "Excelsior March 50+"]
[Site "Toronto CAN"]
[Date "2023.03.04"]
[Round "2.2"]
[White "Jung, Hans"]
[Black "Pitre, Ron"]
[Result "0-1"]
[WhiteElo "2195"]
[BlackElo "2158"]
[PlyCount "66"]
[EventDate "2023.03.03"]
[EventType "swiss"]
[EventRounds "5"]
[EventCountry "CAN"]

1. Nc3 e6 2. e4 Nc6 3. g3 Nf6 4. Bg2 Bb4 5. Nge2 d5 6. a3 Bxc3 7. Nxc3 d4 8.
Ne2 d3 9. cxd3 Qxd3 10. Nf4 Qd6 11. d3 O-O 12. Be3 Rd8 13. Rc1 e5 14. Nd5 Nxd5
15. exd5 Ne7 16. Bc5 Qd7 17. Bxe7 Qxe7 18. Qc2 Rd7 19. O-O Qd6 20. Rfe1 Re7 21.
Qb3 a5 22. a4 Ra6 23. Qb5 Qb6 24. Qc5 Kf8 25. d4 f6 26. dxe5 fxe5 27. Qa3 Qb4
28. Qf3+ Rf6 29. Qh5 Bf5 30. d6 Qxd6 31. Red1 Bd3 32. Be4 Qd4 33. Bxd3 Rxf2 0-1

[Event "Excelsior March 50+"]
[Site "Toronto CAN"]
[Date "2023.03.04"]
[Round "2.4"]
[White "Ganea, Mihai"]
[Black "Brajkovic, Nikola"]
[Result "1-0"]
[WhiteElo "1938"]
[BlackElo "1760"]
[PlyCount "119"]
[EventDate "2023.03.03"]
[EventType "swiss"]
[EventRounds "5"]
[EventCountry "CAN"]

1. c4 Nf6 2. g3 e5 3. Bg2 Be7 4. Nc3 O-O 5. Nf3 Nc6 6. O-O d6 7. d4 exd4 8.
Nxd4 Ne5 9. b3 c6 10. Bb2 Qc7 11. Qc2 Bd7 12. Nf5 Bxf5 13. Qxf5 Rad8 14. Rfd1
Rd7 15. Rac1 Rfd8 16. Qc2 Ng6 17. Bh3 Ne5 18. Bxd7 Nexd7 19. Ne4 Nxe4 20. Qxe4
Bf8 21. Qe3 c5 22. Rd2 h6 23. Rcd1 Qb8 24. Qf3 Re8 25. Qg4 Ne5 26. Bxe5 Rxe5
27. e4 Qe8 28. f3 b5 29. Rd5 Re6 30. Rc1 bxc4 31. Rxc4 Qb5 32. f4 Qa5 33. f5
Re8 34. Qe2 f6 35. b4 Qb6 36. bxc5 dxc5 37. Kg2 Qc6 38. Qd3 Qa6 39. a4 Qb6 40.
h4 Qa5 41. Qd2 Qb6 42. Qa2 Kh7 43. a5 Qc7 44. a6 Rb8 45. Rc2 Bd6 46. Qa3 Rb6
47. Qd3 Rc6 48. Rc4 Rxa6 49. Kh3 Rc6 50. g4 Be5 51. Rd7 Rd6 52. Rxd6 Bxd6 53.
Qd5 Qb6 54. Rc3 a5 55. Rb3 Qa6 56. Rd3 Be5 57. g5 hxg5 58. hxg5 fxg5 59. Kg4
Bd4 60. Rh3+ 1-0

[Event "Excelsior March 50+"]
[Site "Toronto CAN"]
[Date "2023.03.04"]
[Round "2.5"]
[White "Ugodnikov, Arkadiy"]
[Black "Oancea, Nicolae"]
[Result "0-1"]
[WhiteElo "1607"]
[BlackElo "1939"]
[PlyCount "80"]
[EventDate "2023.03.03"]
[EventType "swiss"]
[EventRounds "5"]
[EventCountry "CAN"]

1. e4 c5 2. Nc3 g6 3. g3 Bg7 4. Bg2 Nc6 5. d3 Nf6 6. Nge2 O-O 7. O-O e6 8. f4
d5 9. e5 Nd7 10. Kh1 a6 11. d4 Qc7 12. Be3 c4 13. g4 Ne7 14. Ng3 Nb6 15. f5
exf5 16. gxf5 Bxf5 17. Nxf5 Nxf5 18. Rxf5 gxf5 19. Nxd5 Nxd5 20. Bxd5 Rad8 21.
Bf3 Bxe5 22. Qg1+ Bg7 23. c3 Kh8 24. Qg5 Qd7 25. Rf1 Rde8 26. Bd2 Rg8 27. Qh5
Qb5 28. Bc1 Re7 29. Bg2 Rge8 30. Bf3 Re1 31. Kg2 Rxf1 32. Kxf1 Qd7 33. Qh4 Qa4
34. Qf4 Qc2 35. Bd5 Qd1+ 36. Kg2 Bf6 37. Bxf7 Re2+ 38. Kg3 Qd3+ 39. Qf3 Qd1 40.
Qxf5 Qg1+ 0-1

[Event "Excelsior March 50+"]
[Site "Toronto CAN"]
[Date "2023.03.04"]
[Round "2.6"]
[White "Momic, Jovan"]
[Black "Nazareno, Merlin"]
[Result "1-0"]
[WhiteElo "1628"]
[BlackElo "1877"]
[PlyCount "81"]
[EventDate "2023.03.03"]
[EventType "swiss"]
[EventRounds "5"]
[EventCountry "CAN"]

1. d4 Nf6 2. c4 e5 3. d5 c6 4. Nc3 Bb4 5. a3 Bxc3+ 6. bxc3 cxd5 7. cxd5 Qa5 8.
Nf3 Nxd5 9. Bd2 Qc7 10. e4 Nf6 11. Bd3 O-O 12. O-O Nc6 13. Bg5 Kh8 14. Bxf6
gxf6 15. Nh4 Rg8 16. Nf5 d6 17. Nh6 Rg7 18. Qh5 Rg6 19. f4 exf4 20. Rxf4 Ne5
21. Raf1 Nxd3 22. Rxf6 Be6 23. Nxf7+ Kg7 24. Rxg6+ Kf8 25. Qh6+ Ke7 26. Rxe6+
Kd7 27. Rxd6+ Ke8 28. Qe6+ Qe7 29. Qxe7+ Kxe7 30. Rxd3 Rc8 31. Nd6 Rc6 32. e5
Ke6 33. Re1 Ra6 34. c4 Ra5 35. Nb5 a6 36. Nc7+ Ke7 37. e6 Rc5 38. Nd5+ Ke8 39.
e7 Rc6 40. Nf6+ Rxf6 41. Rd8+ 1-0

[Event "Excelsior March 50+"]
[Site "Toronto CAN"]
[Date "2023.03.04"]
[Round "2.7"]
[White "Upper, John"]
[Black "Bluvshtein, Ilia"]
[Result "0-1"]
[WhiteElo "1777"]
[BlackElo "2199"]
[PlyCount "74"]
[EventDate "2023.03.03"]
[EventType "swiss"]
[EventRounds "5"]
[EventCountry "CAN"]

1. c4 Nf6 2. Nc3 d5 3. cxd5 Nxd5 4. Nf3 g6 5. g3 Bg7 6. Bg2 O-O 7. O-O c5 8. d3
Nc6 9. Bd2 Nxc3 10. bxc3 Qc7 11. Ne1 Be6 12. Qa4 a6 13. Rb1 b5 14. Qa3 b4 15.
cxb4 cxb4 16. Bxb4 Nd4 17. e3 Nb5 18. Qc1 Rac8 19. Qxc7 Rxc7 20. d4 Bxa2 21.
Ra1 Bc4 22. Rxa6 Nxd4 23. Rb6 Ne6 24. Nf3 Bxf1 25. Bxf1 Bc3 26. Bxc3 Rxc3 27.
Bh3 Nc5 28. Kg2 Rd8 29. Nd4 e6 30. Bg4 Rd7 31. h4 Kg7 32. h5 Ne4 33. Bf3 Nf6
34. hxg6 hxg6 35. Ra6 e5 36. Ne2 Rc2 37. Ng1 e4 0-1

[Event "Excelsior March 50+"]
[Site "Toronto CAN"]
[Date "2023.03.04"]
[Round "3.1"]
[White "Barron, Michael"]
[Black "Ganea, Mihai"]
[Result "1-0"]
[WhiteElo "2083"]
[BlackElo "1938"]
[PlyCount "61"]
[EventDate "2023.03.03"]
[EventType "swiss"]
[EventRounds "5"]
[EventCountry "CAN"]

1. e4 e6 2. d4 d5 3. Nd2 c5 4. Ngf3 a6 5. exd5 exd5 6. dxc5 Bxc5 7. Nb3 Bb6 8.
Be2 Nf6 9. O-O O-O 10. Bg5 Qd6 11. c3 Ne4 12. Bh4 Bg4 13. Nfd4 Bxe2 14. Qxe2
Nc6 15. Rad1 Rae8 16. Nxc6 bxc6 17. Qxa6 Bc7 18. Bg3 Nxg3 19. hxg3 Ra8 20. Qe2
Rxa2 21. Ra1 Rxa1 22. Rxa1 g6 23. Ra6 Rb8 24. Nd4 Bb6 25. Kh2 h5 26. Nf3 Kg7
27. b4 Qf6 28. Qe5 Qxe5 29. Nxe5 Bxf2 30. Nxc6 Be1 31. Nxb8 1-0

[Event "Excelsior March 50+"]
[Site "Toronto CAN"]
[Date "2023.03.04"]
[Round "3.2"]
[White "Bluvshtein, Ilia"]
[Black "Pitre, Ron"]
[Result "0-1"]
[WhiteElo "2199"]
[BlackElo "2158"]
[PlyCount "62"]
[EventDate "2023.03.03"]
[EventType "swiss"]
[EventRounds "5"]
[EventCountry "CAN"]

1. e4 Nc6 2. d4 d5 3. e5 e6 4. Nf3 b6 5. Bd3 Bb7 6. O-O Qd7 7. c3 O-O-O 8. b4
f5 9. a4 Kb8 10. a5 h6 11. Qa4 Nge7 12. Nbd2 g5 13. Nb3 Nc8 14. b5 N6e7 15. Ba3
Ng6 16. Bxf8 Rdxf8 17. c4 dxc4 18. Bxc4 g4 19. Nfd2 Nf4 20. f3 Rhg8 21. axb6
cxb6 22. Qb4 gxf3 23. Nxf3 Nxg2 24. Kh1 Ne3 25. Rf2 Nc2 26. Qc3 Nxa1 27. Nxa1
Ne7 28. Nc2 Nd5 29. Qd2 Qg7 30. Bf1 Ne3 31. d5 Bxd5 0-1

[Event "Excelsior March 50+"]
[Site "Toronto CAN"]
[Date "2023.03.04"]
[Round "3.3"]
[White "Upper, John"]
[Black "Jung, Hans"]
[Result "1-0"]
[WhiteElo "1777"]
[BlackElo "2195"]
[PlyCount "45"]
[EventDate "2023.03.03"]
[EventType "swiss"]
[EventRounds "5"]
[EventCountry "CAN"]

1. c4 b6 2. Nc3 Bb7 3. e4 e6 4. a3 c5 5. Nf3 Nf6 6. e5 Ne4 7. Bd3 Nxc3 8. dxc3
d6 9. O-O Be7 10. Bf4 g5 11. exd6 gxf4 12. dxe7 Qxe7 13. Re1 Nd7 14. Be4 Nf6
15. Bxb7 Qxb7 16. Qd6 Rd8 17. Qxf4 Ke7 18. Rad1 Rhg8 19. Rxd8 Rxd8 20. Ne5 Rg8
21. g3 Rd8 22. a4 Rd6 23. Nxf7 1-0

[Event "Excelsior March 50+"]
[Site "Toronto CAN"]
[Date "2023.03.04"]
[Round "3.4"]
[White "Momic, Jovan"]
[Black "Berengolts, Isai"]
[Result "0-1"]
[WhiteElo "1628"]
[BlackElo "2079"]
[PlyCount "47"]
[EventDate "2023.03.03"]
[EventType "swiss"]
[EventRounds "5"]
[EventCountry "CAN"]

1. d4 Nf6 2. c4 e6 3. Nc3 Bb4 4. a3 Bxc3+ 5. bxc3 O-O 6. Nf3 c5 7. e3 Qa5 8.
Bd2 d6 9. Bd3 Bd7 10. O-O Bc6 11. Qe2 Be4 12. Rfb1 Qc7 13. Be1 Nbd7 14. h3 Qc6
15. Rb2 b6 16. Rd2 Rac8 17. Bxe4 Nxe4 18. d5 Qa4 19. dxe6 fxe6 20. Qd3 Nxd2 21.
Bxd2 Ne5 22. Qxd6 Nxf3+ 23. gxf3 Qc6 24. Qxe6+ 0-1

[Event "Excelsior March 50+"]
[Site "Toronto CAN"]
[Date "2023.03.04"]
[Round "3.6"]
[White "Oancea, Nicolae"]
[Black "Nazareno, Merlin"]
[Result "0-1"]
[WhiteElo "1939"]
[BlackElo "1877"]
[PlyCount "90"]
[EventDate "2023.03.03"]
[EventType "swiss"]
[EventRounds "5"]
[EventCountry "CAN"]

1. e4 Nc6 2. d4 d5 3. exd5 Qxd5 4. Nf3 Bg4 5. Be2 O-O-O 6. Be3 Nf6 7. O-O Qh5
8. c3 e5 9. Re1 e4 10. Nfd2 Bd6 11. h3 Bxe2 12. Qxe2 Qf5 13. Na3 h5 14. Nac4 g5
15. Nxd6+ cxd6 16. Qc4 d5 17. Qa4 Nd7 18. b4 Nb6 19. Qa3 Kb8 20. b5 Rc8 21.
bxc6 Rxc6 22. Rab1 h4 23. Rb5 g4 24. hxg4 Qxg4 25. Qe7 Rg8 26. Qe5+ Ka8 27. Qh2
Rcg6 28. Kf1 f5 29. Bf4 Qh5 30. g3 Rg4 31. Rc5 h3 32. Re3 Rxf4 33. gxf4 Qd1+
34. Re1 Qxd2 35. Qxh3 Qxf4 36. Qh7 Qg4 37. Qh2 f4 38. Rb1 Qf3 39. Rcb5 Qd3+ 40.
Ke1 f3 41. R5b2 e3 42. Rc1 Nc4 43. Rbc2 a6 44. Qh1 exf2+ 45. Rxf2 Re8+ 0-1

[Event "Excelsior March 50+"]
[Site "Toronto CAN"]
[Date "2023.03.05"]
[Round "4.1"]
[White "Pitre, Ron"]
[Black "Barron, Michael"]
[Result "0-1"]
[WhiteElo "2158"]
[BlackElo "2083"]
[PlyCount "68"]
[EventDate "2023.03.03"]
[EventType "swiss"]
[EventRounds "5"]
[EventCountry "CAN"]

1. e4 e5 2. Nf3 Nc6 3. Bb5 a6 4. Bxc6 dxc6 5. d3 f6 6. O-O c5 7. a4 Be6 8. b3
Qd7 9. Be3 a5 10. Na3 b6 11. Nd2 Ne7 12. f4 Nc6 13. Nac4 exf4 14. Bxf4 O-O-O
15. Na3 Nd4 16. Nf3 Bg4 17. Qd2 Bxf3 18. gxf3 Nxf3+ 19. Rxf3 Qd4+ 20. Kg2 Qxa1
21. Nb5 Bd6 22. Bxd6 cxd6 23. Qf4 Qe5 24. Qg4+ Kb8 25. Rf5 Qe7 26. Rd5 Rd7 27.
c3 g6 28. Qg3 Rhd8 29. b4 axb4 30. cxb4 cxb4 31. Qf2 Rb7 32. Qd4 b3 33. Qb4 f5
34. Nd4 Rc8 0-1

[Event "Excelsior March 50+"]
[Site "Toronto CAN"]
[Date "2023.03.05"]
[Round "4.2"]
[White "Berengolts, Isai"]
[Black "Upper, John"]
[Result "1-0"]
[WhiteElo "2079"]
[BlackElo "1777"]
[PlyCount "35"]
[EventDate "2023.03.03"]
[EventType "swiss"]
[EventRounds "5"]
[EventCountry "CAN"]

1. e4 c5 2. Nc3 Nc6 3. f4 g6 4. Nf3 Bg7 5. Bb5 Nd4 6. O-O a6 7. Bc4 e6 8. a4
Ne7 9. d3 O-O 10. Nxd4 Bxd4+ 11. Kh1 d5 12. Ba2 b5 13. Ne2 Bg7 14. c3 Bb7 15.
Ng3 dxe4 16. dxe4 Qxd1 17. Rxd1 Rfd8 18. Be3 {DGT problems.} 1-0

[Event "Excelsior March 50+"]
[Site "Toronto CAN"]
[Date "2023.03.05"]
[Round "4.3"]
[White "Jung, Hans"]
[Black "Bluvshtein, Ilia"]
[Result "0-1"]
[WhiteElo "2195"]
[BlackElo "2199"]
[PlyCount "58"]
[EventDate "2023.03.03"]
[EventType "swiss"]
[EventRounds "5"]
[EventCountry "CAN"]

1. Nc3 d5 2. e4 d4 3. Nce2 d3 4. cxd3 Qxd3 5. Ng3 Qd8 6. d4 c5 7. Qa4+ Bd7 8.
Bb5 cxd4 9. Nf3 Nc6 10. Bxc6 Bxc6 11. Qxd4 Bb5 12. a4 Ba6 13. b4 Qxd4 14. Nxd4
e5 15. b5 exd4 16. bxa6 bxa6 17. Nf5 Nf6 18. f3 g6 19. Nxd4 Bg7 20. Bb2 Rb8 21.
Bc3 O-O 22. Nc6 Rb3 23. Bd4 Nd7 24. Bxg7 Kxg7 25. O-O Rc8 26. Rfc1 Rc7 27. a5
h5 28. Ra4 Ne5 29. Rc5 Rb1+ 0-1

[Event "Excelsior March 50+"]
[Site "Toronto CAN"]
[Date "2023.03.05"]
[Round "4.4"]
[White "Ganea, Mihai"]
[Black "Nazareno, Merlin"]
[Result "1/2-1/2"]
[WhiteElo "1938"]
[BlackElo "1877"]
[PlyCount "76"]
[EventDate "2023.03.03"]
[EventType "swiss"]
[EventRounds "5"]
[EventCountry "CAN"]

1. c4 Nc6 2. g3 e5 3. Bg2 f5 4. Nc3 Nf6 5. e3 Bc5 6. Nge2 e4 7. d3 Bb4 8. O-O
Bxc3 9. Nxc3 Qe7 10. dxe4 fxe4 11. Nd5 Nxd5 12. Qxd5 d6 13. Qxe4 Be6 14. Bd2
O-O 15. Bc3 Rae8 16. b3 Qd7 17. Qd3 Bh3 18. f3 Ne5 19. Bxe5 Rxe5 20. g4 Bxg2
21. Kxg2 h5 22. h3 Qe7 23. e4 Rf4 24. Qd2 Qg5 25. Qf2 hxg4 26. hxg4 Rexe4 27.
Rg1 Qf6 28. Rae1 Rxg4+ 29. fxg4 Rxg4+ 30. Qg3 Qb2+ 31. Kh3 Rxg3+ 32. Rxg3 Qxa2
33. Re7 Qa1 34. Rxc7 a5 35. Kh2 Qb2+ 36. Kh3 Qa1 37. Kh2 Qb2+ 38. Kh3 Qa1
1/2-1/2

[Event "Excelsior March 50+"]
[Site "Toronto CAN"]
[Date "2023.03.05"]
[Round "4.5"]
[White "Oancea, Nicolae"]
[Black "Brajkovic, Nikola"]
[Result "0-1"]
[WhiteElo "1939"]
[BlackElo "1760"]
[PlyCount "118"]
[EventDate "2023.03.03"]
[EventType "swiss"]
[EventRounds "5"]
[EventCountry "CAN"]

1. e4 d6 2. Nf3 g6 3. d4 Bg7 4. c3 Nd7 5. Bd3 e5 6. Qe2 Ne7 7. d5 a6 8. O-O O-O
9. Bg5 f6 10. Bh4 g5 11. Bg3 Ng6 12. Nbd2 Nc5 13. Bc2 Bg4 14. a4 Nd7 15. Qe3
Nf4 16. b4 Rf7 17. c4 Qe7 18. Rac1 b6 19. Nb3 Kh8 20. Bd1 f5 21. exf5 Bxf5 22.
Bc2 Raf8 23. Bxf5 Rxf5 24. Nbd4 R5f7 25. Bxf4 gxf4 26. Qd2 exd4 27. Nxd4 Bxd4
28. Qxd4+ Qf6 29. Qe4 f3 30. Qxf3 Qxf3 31. gxf3 Rxf3 32. Rc2 Rb3 33. b5 Ra3 34.
bxa6 Rxa4 35. Re1 Ne5 36. Re4 Rxa6 37. f4 Ng6 38. Rf2 Ra1+ 39. Kg2 Nh4+ 40. Kh3
Nf5 41. Rf3 Raa8 42. Rd3 Rg8 43. Re6 Raf8 44. Ra3 Rg6 45. Ra7 Rg7 46. Rb7 Rgf7
47. Re4 Kg7 48. Kg4 Nh6+ 49. Kf3 Ng8 50. Ke3 Nf6 51. Re6 Ng4+ 52. Kd3 Nxh2 53.
f5 Ng4 54. Ke2 Ne5 55. f6+ Kg8 56. Re7 Rc8 57. c5 bxc5 58. Rb1 Rxe7 59. fxe7
Re8 0-1

[Event "Excelsior March 50+"]
[Site "Toronto CAN"]
[Date "2023.03.05"]
[Round "4.6"]
[White "Ugodnikov, Arkadiy"]
[Black "Momic, Jovan"]
[Result "0-1"]
[WhiteElo "1607"]
[BlackElo "1628"]
[PlyCount "96"]
[EventDate "2023.03.03"]
[EventType "swiss"]
[EventRounds "5"]
[EventCountry "CAN"]

1. e4 d6 2. d4 Nf6 3. Nc3 c6 4. Nf3 Qa5 5. Qd3 e5 6. Be2 b5 7. Bd2 Qc7 8. O-O
a5 9. Nd1 Be7 10. Ne3 O-O 11. Rac1 b4 12. c3 Ba6 13. c4 Nbd7 14. Qb1 g6 15.
Rfe1 exd4 16. Nxd4 Qb6 17. Nf3 Nc5 18. e5 Nfe4 19. exd6 Bxd6 20. Red1 Nxd2 21.
Rxd2 Bf4 22. Rcd1 Rfe8 23. b3 Ne4 24. Rd4 Nc3 25. Qc2 Nxd1 26. Nxd1 Bh6 27. Bf1
Rad8 28. Rxd8 Rxd8 29. Qe2 Qc7 30. Ne3 Qe7 31. Nf5 Qf8 32. Nxh6+ Qxh6 33. Qe7
Qf8 34. Qa7 Ra8 35. Qd4 c5 36. Qf4 Rd8 37. g3 Bc8 38. Ng5 Rd4 39. Qe3 Bf5 40.
Kg2 Qa8+ 41. f3 Qd8 42. Ne4 Bxe4 43. fxe4 Rd2+ 44. Kg1 Qd4 45. Qxd4 Rxd4 46.
Bg2 Rd2 47. e5 Rxa2 48. Bd5 Rb2 0-1

[Event "Excelsior March 50+"]
[Site "Toronto CAN"]
[Date "2023.03.05"]
[Round "5.1"]
[White "Barron, Michael"]
[Black "Bluvshtein, Ilia"]
[Result "1-0"]
[WhiteElo "2083"]
[BlackElo "2199"]
[PlyCount "61"]
[EventDate "2023.03.03"]
[EventType "swiss"]
[EventRounds "5"]
[EventCountry "CAN"]

1. e4 e5 2. Nf3 Nc6 3. Bb5 f5 4. Nc3 fxe4 5. Nxe4 d5 6. Nxe5 dxe4 7. Nxc6 Qg5
8. Qe2 Nf6 9. f4 Qc5 10. d4 Qb6 11. Nxa7+ Bd7 12. Bxd7+ Kxd7 13. Qb5+ Qxb5 14.
Nxb5 Ra4 15. b3 Ra5 16. c4 c6 17. Bd2 Ra6 18. Nc3 Bb4 19. Nxe4 Re8 20. Bxb4
Rxe4+ 21. Kf2 Rxf4+ 22. Ke3 Re4+ 23. Kd3 c5 24. dxc5 Rae6 25. Rae1 Ng4 26. Rxe4
Nf2+ 27. Ke3 Nxe4 28. Rd1+ Kc6 29. Kf4 Nf2 30. Rd4 h5 31. h3 1-0

[Event "Excelsior March 50+"]
[Site "Toronto CAN"]
[Date "2023.03.05"]
[Round "5.2"]
[White "Pitre, Ron"]
[Black "Berengolts, Isai"]
[Result "1-0"]
[WhiteElo "2158"]
[BlackElo "2079"]
[PlyCount "117"]
[EventDate "2023.03.03"]
[EventType "swiss"]
[EventRounds "5"]
[EventCountry "CAN"]

1. e4 c5 2. Nc3 e6 3. Bc4 a6 4. d3 Nc6 5. f4 Nd4 6. Nf3 Ne7 7. Bb3 Nec6 8. Be3
b5 9. Bxd4 cxd4 10. Ne2 Bc5 11. O-O O-O 12. Qe1 d6 13. Qf2 Ra7 14. Rae1 Kh8 15.
Kh1 Rc7 16. Qg3 Qf6 17. Qg5 Qxg5 18. Nxg5 h6 19. Nf3 Bd7 20. g4 f6 21. h4 Na5
22. c3 dxc3 23. bxc3 Nxb3 24. axb3 e5 25. f5 a5 26. g5 a4 27. b4 Bb6 28. Nh2
Ra8 29. gxh6 Bc6 30. Ng4 d5 31. hxg7+ Kxg7 32. Ng3 Rh8 33. h5 Be8 34. h6+ Kf7
35. Rc1 Rc8 36. Kg2 Bc6 37. Kf3 Rcg8 38. Rh1 Rg5 39. Rh4 Bd8 40. Ne3 Rhg8 41.
h7 Rh8 42. exd5 Bb7 43. c4 Bb6 44. c5 Bc7 45. Ne4 Rg7 46. c6 Bc8 47. d6 Bb6 48.
Nd5 Bxf5 49. Nxb6 Rgxh7 50. Rxh7+ Rxh7 51. c7 Rh3+ 52. Ke2 Rh2+ 53. Ke3 Rh3+
54. Kd2 Rh2+ 55. Kc3 Bxe4 56. dxe4 Rh3+ 57. Kb2 Rh2+ 58. Rc2 a3+ 59. Kb1 1-0